Mensaje presidencial 2003
Uloženo v:
| Médium: | Kniha |
|---|---|
| Jazyk: | španělština |
| Vydáno: |
Santiago
Ministerio Secretaría General de Gobierno
2003
|
| Témata: | |
| Tagy: |
Přidat tag
Žádné tagy, Buďte první, kdo vytvoří štítek k tomuto záznamu!
|
MARC
| LEADER | 00000nam a2200000 a 4500 | ||
|---|---|---|---|
| 001 | UCH5415 | ||
| 003 | CL-VaPUC | ||
| 005 | 20210617001421.0 | ||
| 008 | 091014e20030000CL |||||||||||||||||spa|d | ||
| 999 | |c 336558 |d 336556 | ||
| 040 | |c Pontificia Universidad Católica de Valparaíso | ||
| 082 | 0 | 4 | |a 351.003 |b MEN |2 21 |
| 245 | 1 | 0 | |a Mensaje presidencial 2003 |
| 260 | |a Santiago |b Ministerio Secretaría General de Gobierno |c 2003 | ||
| 300 | |a 28 p | ||
| 500 | |a Mensaje al país del Presidente de la República, señor Ricardo Lagos Escobar | ||
| 583 | |a last modification |c 20160602 17:23:42 |k Rodrigo Vera | ||
| 600 | |a Lagos Escobar, Ricardo |d 1938- |9 859563 | ||
| 650 | 7 | |a MENSAJE 2003 |2 CL-VaPUC |9 541692 | |
| 650 | 0 | |a Política y gobierno |9 255151 | |
| 650 | 0 | |a Política económica |9 255029 | |
| 651 | 7 | |a CHILE |2 CL-VaPUC |9 541693 | |
| 852 | |a BIBCUR | ||
| 942 | |c BK |2 ddc | ||
| 945 | |d 20091014 00:00:00 |a lazolas | ||
| 952 | |0 0 |1 0 |4 0 |6 351_003000000000000_MEN_2003 |7 0 |8 X |9 428063 |a FDOBUD |b FDOBUD |d 2019-11-22 |i 4634942 |o 351.003 MEN 2003 |p 4634942 |r 2019-11-22 |w 2019-11-22 |y BK_X |k BUD | ||
| 952 | |0 0 |1 0 |4 0 |6 351_003000000000000_MEN_2003 |7 0 |8 F |9 428064 |a BIBDER |b BIBDER |d 2019-11-22 |i 470102K |o 351.003 MEN 2003 |p 470102K |r 2023-01-25 |w 2019-11-22 |y BK_F |k DER | ||